000 00459nam a22001697a 4500
003 MPLRDC
005 20220104114644.0
008 210129b ||||| |||| 00| 0 eng d
082 _a731.279 VOG*
100 _a埃兹拉. 沃格尔著; 谷英、张柯、丹柳合译
245 _a日本名列第一: 对美国的教训
_c
250 _a一版一刷
260 _a
_b世界知识出版社
_c1980
300 _b
650 _a
942 _cBK
_o731.279 VOG*
999 _c9188
_d9178